000 00653cam a2200205 4500
001 B2144
008 090401t xxu||||| |||| 00| 0 eng d
035 _a(Sirsi) u48261
041 0 _aeng
050 0 4 _a380.1062 $2 18
110 2 _aIncorporated Society of Valuers and Auctioneers
_91201
245 0 0 _aAnnual report and accounts
_b1972/73; 1974/75; 1976/77 - 1979/80, 1985, 1987, 1989, 1991, 1992, 1994.
260 _aLondon
_bISVA
_c1973-92
300 _a12
_fpt.
_c30cm.
350 _a0
651 4 _aUnited Kingdom
_y
690 _aABOUT RICS-RELATED ORGANISATIONS-INCORPORATED SOCIETY OF VALUERS AND AUCTIONEERS
942 _n0
948 _c04/03/1997
999 _c92310
_d92310